Ústava bez ultimát Pripomienky MKDH a Spolužitia s deravou logikou

Podrobná bibliografia
Hlavný autor: Jurík, Ľuboš, 1947-2021 (Autor)
Médium: Článok
Jazyk:slovenčina
Predmet:

MARC

LEADER 00000nab a2200000 a 4500
001 vtls000460958
003 SK-MaSNL
005 20260304001110.0
008 120926c1992 xo 0 slo
015 |a SNBRB19rr/mm-uuuuu 
035 |a CL0461090 
040 |a SNKBUCL  |b slo  |c SNKBUCL  |e AACR2 
041 0 |a slo 
044 |a xo  |c SK 
080 |a 342.4(437.6)  |2 1981 
080 |a 329.3  |2 1981 
080 |a 28(437.6=945.11)MKDH  |2 1981 
080 |a 329.17(437.6=945.11)  |2 1981 
100 1 |a Jurík, Ľuboš,  |d 1947-2021  |4 aut  |9 98669 
245 1 0 |a Ústava bez ultimát  |b Pripomienky MKDH a Spolužitia s deravou logikou  |c Ľuboš Jurík 
610 2 7 |a Maďarské kresťanskodemokratické hnutie - Magyar Kereszténydemokrata Mozgalom (politická strana)  |2 snkbucl  |9 228638 
650 0 7 |a Ústava Slovenskej republiky  |2 snkbucl  |9 499021 
650 0 7 |a Spolužitie-Együttélés  |2 snkbucl  |9 893821 
655 7 |a články z novín a časopisov  |2 snkbucl  |9 267496 
773 0 |t Koridor  |g Roč. 1, č. 144 (22. 8. 1992), s. 1-2 
850 |a Slovenská národná knižnica v Martine  |a MTA001 
852 |a SNK  |b KIS3GCP 
958 |a RK 
992 |a RBX 
999 |c 2534613  |d 2536543